| 000 | 00835nam 22001933 4500 | ||
|---|---|---|---|
| 001 | 200400 | ||
| 021 |
_aPT _b55501/92 |
||
| 090 | _a200400 | ||
| 100 | _a20260205d u||y0pory50 ba | ||
| 200 |
_aTrabalhar a terra : mecanização e agricultura em Vila Franca de Xira _forganização Museu Municipal de Vila Franca de Xira _gcolaboração da Unicaro |
||
| 210 |
_aVila Franca de Xira _cMuseu Municipal de Vila Franca de Xira _d1992 |
||
| 215 |
_a94 p. _cil. ; brochado _d21 cm |
||
| 606 |
_91219 _aAgricultura. Ciências agrárias e técnicas relacionadas. Silvicultura. Explorações agrícolas. Exploração da vida selvagem |
||
| 675 |
_a63 _vPT _zpor |
||
| 710 |
_916202 _aMuseu Municipal de Vila Franca de Xira |
||
| 711 |
_916204 _aUnicaro-União Coop. Agric. do Ribatejo e Oeste |
||
| 801 |
_aPT _bBMMN _gRPC |
||
| 830 | _cVanda | ||
| 990 | _cLIVROS | ||